| 000 | 00504nam a2200121Ia 4500 | ||
|---|---|---|---|
| 008 | 160712s9999 xx 000 0 und d | ||
| 100 | _aTajo-Firmase, Josephine. | ||
| 245 |
_cJosephine Tajo-Firmase, _aLESSONS AND CHALLENGES IN DISASTER RELIEF OPERATIONS FOR FAMILIES AFFECTED BY TYPHOON ONDOY IN RIZAL PROVINCE |
||
| 260 |
_c2011 _bPhilippine Journal of Social Development |
||
| 300 | _avol. 3 | ||
| 650 | _xSOCIAL DEVELOPMENT | ||
| 856 | _uhttp://journals.upd.edu.ph/index.php/pjsd/issue/view/413/showToc | ||
| 999 |
_c297674 _d297674 |
||